000 01286cam a22003138i 4500
999 _c58750
_d58750
001 21148849
005 20221105190913.0
008 190823s2020 nyu 001 0 eng
020 _aX9781108486743X
042 _apcc
050 0 0 _aHD30.4
_b.G49 2020
080 _a658 Gh-40
100 1 _aGhauri, Pervez N.,
_d1948-
_eauthor.
_914393
245 1 0 _aResearch methods in business studies /
_cPervez Ghauri, University of Birmingham, Kjell Grønhaug, Norwegian School of Economics and Business Administration, Bergen-Sandviken, Roger Strange, University of Sussex.
250 _aFifth Edition.
263 _a2001
264 1 _aNew York :
_bCambridge University Press,
_c2020.
300 _a327.: pages
_b25 cm.
336 _atext
_btxt
_2rdacontent
337 _aunmediated
_bn
_2rdamedia
338 _avolume
_bnc
_2rdacarrier
653 _aმენეჯმენტი
653 _aბიზნესი
700 1 _aGrønhaug, Kjell,
_eავტორი
_914397
700 1 _aStrange, Roger,
_eავტორი
_914398
776 0 8 _iOnline version:
_aGhauri, Pervez,
_tResearch methods in business studies
_b5.
_dNew York : Cambridge University Press, 2020.
_z9781108762427
_w(DLC) 2019037292
942 _2udc
_cBK
955 _brm13 2019-08-23
_irm13 2019-08-23 (telework)